Elliott Smith Songs - Statistics

General Stats
  • This quiz has been taken 624 times
  • The average score is 39 of 78
Answer Stats
Group 1 % Correct
G3 Between the Bars
88%
G3 Say Yes
86%
G1 No Name #1
83%
G1 No Name #2
83%
G1 No Name #3
83%
G1 No Name #4
83%
G3 No Name No. 5
83%
G4 Waltz #1
83%
G4 Waltz #2 (XO)
83%
G2 Needle in the Hay
82%
G1 Roman Candle
79%
G2 Clementine
78%
G3 Alameda
73%
G3 Angeles
73%
G5 Son of Sam
70%
G5 LA
69%
G3 Speed Trials
67%
G3 Rose Parade
65%
G3 Ballad of Big Nothing
64%
G5 Everything Means Nothing to Me
61%
G5 Everything Reminds Me of Her
59%
G3 2:45 AM
58%
G2 Christian Brothers
58%
G5 Somebody That I Used to Know
58%
G4 Pitseleh
57%
G6 Twilight
56%
G3 Pictures of Me
55%
G3 Punch and Judy
55%
G4 Baby Britain
54%
G2 Coming Up Roses
51%
G1 Condor Ave
51%
G1 Last Call
51%
G2 The White Lady Loves You More
51%
G5 Junk Bond Trader
50%
G6 Pretty (Ugly Before)
50%
G2 The Biggest Lie
49%
G4 Independence Day
48%
G6 King's Crossing
48%
G2 Satellite
48%
G4 Sweet Adeline
48%
G1 Kiwi Maddog 20/20
47%
G2 Alphabet Town
46%
G4 Bottle Up and Explode!
45%
G3 Cupid's Trick
45%
G2 St. Ides Heaven
45%
G6 A Fond Farewell
44%
G4 Bled White
44%
G4 I Didn't Understand
44%
G2 Southern Belle
44%
G5 Happiness / The Gondola Man
43%
G5 Bye
41%
G4 Amity
40%
G1 Drive All Over Town
40%
G4 Tomorrow Tomorrow
39%
G5 Wouldn't Mama Be Proud?
39%
G6 Coast to Coast
38%
G2 Single File
37%
G5 Can't Make a Sound
36%
G4 A Question Mark
34%
G5 Pretty Mary K
34%
G5 Color Bars
33%
G4 Everybody Cares, Everybody Understands
33%
G2 Good to Go
33%
G5 Stupidity Tries
32%
G5 In the Lost and Found (Honky Bach)
30%
G6 Memory Lane
30%
G6 Ostrich & Chirping
28%
G6 A Distorted Reality Is Now a Necessity to Be Free
26%
G6 Let's Get Lost
26%
G4 Oh Well, Okay
26%
G6 Shooting Star
26%
G5 Easy Way Out
25%
G6 Don't Go Down
23%
G5 I Better Be Quiet Now
23%
G6 Strung Out Again
22%
G6 The Last Hour
22%
G6 Little One
21%
G6 A Passing Feeling
20%
No matching quizzes found
Score Distribution
Percent of People with Each Score
Percentile by Number Answered
Your Score History
You have not taken this quiz